Lost geography / (Record no. 907)

MARC details
000 -LEADER
fixed length control field 00390pam a2200145 4500
003 - CONTROL NUMBER IDENTIFIER
control field IeDuTC
005 - DATE AND TIME OF LATEST TRANSACTION
control field 20181127163018.0
008 - FIXED-LENGTH DATA ELEMENTS--GENERAL INFORMATION
fixed length control field 010122s2000 enk 000 0 eng
020 ## - INTERNATIONAL STANDARD BOOK NUMBER
International Standard Book Number 0312420528 (pbk)
100 1# - MAIN ENTRY--PERSONAL NAME
Personal name Bacon, Charlotte,
Dates associated with a name 1965-
245 10 - TITLE STATEMENT
Title Lost geography /
Statement of responsibility, etc. Charlotte Bacon.
260 ## - PUBLICATION, DISTRIBUTION, ETC.
Place of publication, distribution, etc. New York :
Name of publisher, distributor, etc. Picador,
Date of publication, distribution, etc. 2000.
300 ## - PHYSICAL DESCRIPTION
Extent 259 p. ;
Dimensions 20 cm.
650 #0 - SUBJECT ADDED ENTRY--TOPICAL TERM
Topical term or geographic name entry element Immigrants
Form subdivision Fiction.
Holdings
Withdrawn status Lost status Source of classification or shelving scheme Damaged status Not for loan Collection code Home library Current library Shelving location Date acquired Serial Enumeration / chronology Inventory number Total Checkouts Full call number Barcode Date last seen Price effective from Koha item type
    Dewey Decimal Classification     Fiction RTC Library RTC Library Fiction 07/04/2022 3085   FIC 813.54 BAC 30000684 03/01/2022 27/11/2018 Fiction
Royal Thimphu College || All Right Reserved